000 00771nam a22002177a 4500
999 _c3043
_d3043
003 AR-CdUCM
008 190305b ||||| |||| 00| 0 spa d
040 _aMUNICIPALIDAD PROVINCIAL DEL CUSCO
_cBIBLIOTECA MUNICIPAL DEL CUSCO
082 _a348.621 /
_bM26
100 _aMartínez G. S.
_910352
245 _aBeneficios sociales del obrero /
260 _aLima :
_bLiberia distribuidora Bendezu,
_c1966.
300 _a150 paginas ;
_c17 cm.
505 _aIndemización -- Ley de indemización obrera -- Liquidación de beneficios -- normas sobre el periodo de tres meses -- vacaciones ...
650 _aDerecho laboral
_95297
650 _aSeguro social obrero
_910353
650 _alegislación
_93697
650 _aPerú
_935
942 _2ddc
_cLIBROS
945 _awnts